000 01584cam a2200337 a 4500
001 17253234
005 20170105102851.0
008 120412s2012 ne b 001 0 eng
010 _a 2012015231
020 _a9789004228849 (hbk. : alk. paper)
020 _a9789004228856 (ebk.)
040 _aDLC
_cDLC
_dDLC
042 _apcc
043 _ae------
050 0 0 _aKJC6057
_b.N95 2012
082 0 0 _a342.408/3
_223
100 1 _aNykänen, Eeva.
245 1 0 _aFragmented state power and forced migration :
_ba study on non-state actors in refugee law /
_cby Eeva Nykänen.
260 _aLeiden ;
_aBoston :
_bMartinus Nijhoff Publishers,
_cc 2012.
300 _axii, 387 p. ;
_c25 cm.
504 _aIncludes bibliographical references (p. [357]-384) and index.
505 0 _aIntroduction -- Normative foundations of the system of international protection in Europe -- Normative foundations of the system of international protection in Europe -- Non-state actors and the refugee definition -- The European Convention on Human Rights, prohibition of refoulement, and non-state actors -- Subsidiary protection and non-state actors.
650 0 _aRefugees
_xLegal status, laws, etc.
_zEurope.
650 0 _aAsylum, Right of
_zEurope.
650 0 _aForced migration
_zEurope.
650 0 _aNon-state actors (International relations)
_zEurope.
650 0 _aHuman rights
_zEurope.
906 _a7
_bcbc
_corignew
_d1
_eecip
_f20
_gy-gencatlg
942 _2ddc
_cBK
999 _c14287
_d14287